Fabrication, Structural Characterization, Electric and Dielectric Parameters of the Laboratory Synthesized Nano-Crystalline Erbium Oxide (Er2O3) (Record no. 528355)

000 -LEADER
fixed length control field 00578nam a22001577a 4500
020 ## - INTERNATIONAL STANDARD BOOK NUMBER
Qualifying information HBK
082 ## - DEWEY DECIMAL CLASSIFICATION NUMBER
Classification number 530
100 ## - MAIN ENTRY--PERSONAL NAME
Personal name Azad, Fahad
245 ## - TITLE STATEMENT
Title Fabrication, Structural Characterization, Electric and Dielectric Parameters of the Laboratory Synthesized Nano-Crystalline Erbium Oxide (Er2O3)
Statement of responsibility, etc. Fahad Azad
260 ## - PUBLICATION, DISTRIBUTION, ETC.
Place of publication, distribution, etc. Islamabad:
Name of publisher, distributor, etc. SNS - NUST,
Date of publication, distribution, etc. 2013.
300 ## - PHYSICAL DESCRIPTION
Extent 58 p. : ill. ;
Dimensions 30cm.
650 ## - SUBJECT ADDED ENTRY--TOPICAL TERM
Topical term or geographic name entry element Physics - M. Phil Thesis.
700 ## - ADDED ENTRY--PERSONAL NAME
Personal name Supervisor Dr. Asghari Maqsood, (SI)
942 ## - ADDED ENTRY ELEMENTS (KOHA)
Source of classification or shelving scheme
Koha item type Thesis
650 ## - SUBJECT ADDED ENTRY--TOPICAL TERM
-- 16472
700 ## - ADDED ENTRY--PERSONAL NAME
-- 20108
Holdings
Withdrawn status Lost status Source of classification or shelving scheme Damaged status Not for loan Permanent Location Current Location Shelving location Date acquired Total Checkouts Full call number Barcode Date last seen Price effective from Koha item type
          Central Library (CL) Central Library (CL) Thesis 09/07/2019   530 CL-T-2179 09/07/2019 09/07/2019 Thesis
          Central Library (CL) Central Library (CL) Thesis 12/16/2019   530 CL-T-2200 12/16/2019 12/16/2019 Thesis
© 2023 Central Library, National University of Sciences and Technology. All Rights Reserved.